01027 2200181 4500245009700000020002300097250001100120100002300131700001400154650002400168005001900192260003200211041001400243084001000257300002600267500054300293336000900836 aTanamkan Jiwa Nasionalisme dengan Mengenal Tokoh Seni di IndonesiacMoch. Aang SonhajihText a978-602-8136-224-6 aCet. 1 aMoch. Aang Sonhaji aTim Mitra aBiografi Tokoh Seni a20230927071039 aBandungbMitra Saranac2012 aIndonesia a927.9 aiv, 72 hlm. :c25 cm. aMenanamkan jiwa Nasionalisme tidak hanya teori saja seperti mempelajari pendidikan kewarganegaraan, tetapi juga harus menggunakan praktik. Tujuan dari menanamkan Nasionalisme adalah untuk menggalang persatuan dan kesatuan bangsa.Buku ini memiliki pokok pembahasan seperti, Membangun Semangat Nasionalisme; Mengenal lebih Dekat dengan Tokoh Seni Rupa; Mengenal Lebih Dekat dengan Tokoh Seni Tari; Mengenal Lebih Dekat dengan Tokoh Komponis Lagu; Mengenal Lebih Dekat dengan Tokoh Seni Sastra; dan Mengenal Lebih Dekat dengan Tokoh Teather. atext